Κατάλογος Βιβλιοθηκών Mediterranean College

Ανάπτυξη Συστημάτος Προϋπολογισμού - Απολογισμού και Τεχνική των Αποκλίσεων (Record no. 4584)

MARC details
000 -LEADER
fixed length control field 01721cam a22002054a 4500
005 - ΗΜΕΡΟΜΗΝΙΑ ΚΑΙ ΩΡΑ ΤΕΛΕΥΤΑΙΑΣ ΕΝΗΜΕΡΩΣΗΣ
Πεδίο ελέγχου 20250605164149.0
008 - FIXED-LENGTH DATA ELEMENTS--GENERAL INFORMATION
Πεδίο ελέγχου σταθερού μήκους 250528s ||||||||||||||||||||||||d
035 ## - SYSTEM CONTROL NUMBER
System control number 19324
020 ## - ISBN
ISBN 9603513512
040 ## - ΠΗΓΗ ΚΑΤΑΛΟΓΟΓΡΑΦΗΣΗΣ
Φορέας πρωτότυπης καταλογογράφησης MC Athens Campus Library
Γλώσσα καταλογογράφησης Ελληνικά, Μοντέρνα (1453-)
Modifying agency MC Athens Campus Library
Κανόνες περιγραφικής καταλογογράφησης AACR2
245 1# - ΤΙΤΛΟΣ ΚΑΙ ΔΗΛΩΣΗ ΥΠΕΥΘΥΝΟΤΗΤΑΣ
Τίτλος Ανάπτυξη Συστημάτος Προϋπολογισμού - Απολογισμού και Τεχνική των Αποκλίσεων
250 ## - EDITION STATEMENT
Edition statement
260 ## - PUBLICATION, DISTRIBUTION, ETC.
Name of publisher, distributor, etc. Σταμούλης Α,
Date of publication, distribution, etc. 2001
300 ## - PHYSICAL DESCRIPTION
Extent 240
520 ## - SUMMARY, ETC.
Summary, etc. Με συνοδευτικό CD Εφαρμογής. Πίνακας Περιεχομένων, Εισαγωγή, Η Δυναμική της Πρόβλεψης στην Οικονομική Μονάδα, Πώς Εμηνεύεται (Η Δυναμική της Πρόβλεψης), Πώς Αναπτύσσεται (Η Δυναμική της Πρόβλεψης), Πώς Εφαρμόζεται (Η Δυναμική της Πρόβλεψης), Τεχνική των Αποκλίσεων, Κύρια Ανάπτυξη Εκτίμηση Συντελεστή Σταθερότητας, Παράδειγμα Εκτίμησης Προϋπολογισμού, Ειδική Ανάπτυξη, Υπόδειγμα Ανάπτυξης Προϋπολογισμού, Εκτίμηση Προϋπολογισμού Πελατειακού Τομέα (Πελατείας Επιχειρήσεων και Ιδιωτών), Ανάπτυξη Προϋπολογισμού, Αιτιολόγηση του Προϋπολογισμού και Εκτίμηση της Εξέλιξης της Επιχείρησης, Προσάρτημα.
700 1# - ΠΡΟΣΘΕΤΗ ΑΝΑΓΡΑΦΗ--ΦΥΣΙΚΟ ΠΡΟΣΩΠΟ
Personal name Παϊκόπουλος Γεώργιος Η
9 (RLIN) 5567
942 ## - ADDED ENTRY ELEMENTS (KOHA)
Koha item type Books
Holdings
Τύπος τεκμηρίου Βιβλιοθήκη Τρέχουσα τοποθεσία Barcode Αριθμός εισαγωγής Ημερομηνία απόκτησης Ταξιθετικό σύμβολο Αριθμός αντιτύπου Κατάσταση απόσυρσης Κατάσταση χαμένου Κατάσταση κατεστραμμένου Μη δανεισμός Σύνολο δανεισμών Ημερομηνία τελευταίας εμφάνισης Η τιμή ισχύει από
Books MC Athens Campus Library MC Athens Campus Library 9780000045836 5346 05/06/2025 658.154 PAI 1           05/06/2025 05/06/2025

MC Athens Campus Library
Πατησίων 94 & Κοδριγκτώνος 13, 104 34
Πελλήνης 8 & Πατησίων 107, 112 51
Τ: +30 210 8899600

MC Thessaloniki Campus Library
Ίωνος Δραγούμη 21, 54625 | Ίωνος Δραγούμη 15, 54625
Τ: +30 2310 287779 – Τ: +30 2314 440300